| 000 | 00680cam a2200229 4500500 | ||
|---|---|---|---|
| 005 | 20260329003840.0 | ||
| 041 | _afre | ||
| 042 | _adc | ||
| 100 | 1 | 0 |
_aTenaillon, Nicolas _eauthor |
| 245 | 0 | 0 | _aLes Cinq Livres des faits et dits de Gargantua et Pantagruel |
| 260 | _c2017. | ||
| 500 | _a14 | ||
| 690 | _aGargantua | ||
| 690 | _aLangue | ||
| 690 | _aPantagruel | ||
| 690 | _aPhilippe Garnier | ||
| 690 | _aRabelais | ||
| 690 | _aSubversion | ||
| 690 | _aTraduction | ||
| 786 | 0 | _nPhilosophie magazine | 108 | 4 | 2017-04-01 | p. 54-55 | 1951-1787 | |
| 856 | 4 | 1 | _uhttps://shs.cairn.info/magazine-philosophie-magazine-2017-4-page-54?lang=fr&redirect-ssocas=7080 |
| 999 |
_c1828353 _d1828353 |
||